| 000 | 00353 a2200145 4500 | ||
|---|---|---|---|
| 001 | 156754 | ||
| 040 | _cEscola São Tomás de Aquino | ||
| 100 | _aNEVES, Elza Aguiar | ||
| 240 | 1 | 0 |
_aVem da mata o grito de paz _lpor |
| 245 | 1 | 0 | _aVem da mata o grito de paz |
| 300 | _a27 p. | ||
| 362 | 0 | _a2011 | |
| 697 | _a*LITERATURA INFANTO JUVENIL | ||
| 942 | _cBK | ||
| 999 |
_c156754 _d156754 |
||